Biblioteca

El papel del padre en la cultura contemporánea (Registro nro. 69722)

Detalles MARC
000 -LÍDER
Campo fijo de descripción fija 01453nab a2200241 i 4500
001 - NÚMERO DE CONTROL
Campo de control 768714001
003 - IDENTIFICADOR DEL NÚMERO DE CONTROL
Campo de control CO-MdFUSB
005 - FECHA Y HORA DE LA ULTIMA TRANSACCIÓN
control field 20240515145827.0
008 - ELEMENTOS DE LONGITUD FIJA -- INFORMACIÓN GENERAL
Campo fijo de descripción fija -- Información general 240515t1971 sp ||||| |||| 00| 0 spa d
040 ## - FUENTE DE CATALOGACIÓN
Idioma de catalogación spa
Agencia que realiza la transcripción CO-MdFUSB
Agencia que realiza la modificación CO-MdFUSB
041 ## - CÓDIGO DE IDIOMA
Código de idioma para texto/pista de sonido o título separado spa
100 ## - ASIENTO PRINCIPAL--NOMBRE PERSONAL
Nombre personal Rijk, M.,
Término relacionador autor
245 #3 - TÍTULO
Título El papel del padre en la cultura contemporánea
Mención de responsabilidad / M. Rijk
520 ## - NOTA DE RESUMEN, ETC.
Nota de sumario, etc. Este número de CONCILIUM está dedicado a temas relacionados con el papado. En la documentación queremos explorar el panorama extraeclesiástico, pero no es posible separarlo completamente del papado históricamente formado. Voces de todos los sectores confirman que "nos dirigimos hacia una sociedad sin padres". En nuestra sociedad moderna, buscamos en vano padres reales. Este proceso no se lleva a cabo aislado del Papa, quien como "il papa" o "santo padre" desempeñó en el pasado un evidente papel paternal. Su autoridad y su misión ya han perdido su prueba natural: basta pensar en la exigencia de reforma del Papa.
650 #7 - ASIENTO SECUNDARIO DE MATERIA - TERMINO TEMÁTICO
Término temático o nombre geográfico como elemento de entrada Iglesia
9 (RLIN) 655
650 #7 - ASIENTO SECUNDARIO DE MATERIA - TERMINO TEMÁTICO
Término temático o nombre geográfico como elemento de entrada Clero --
Término temático que sigue al nombre geográfico como elemento de entrada Actividad política
9 (RLIN) 41
650 #7 - ASIENTO SECUNDARIO DE MATERIA - TERMINO TEMÁTICO
Término temático o nombre geográfico como elemento de entrada Cristianismo y cultura
9 (RLIN) 6959
650 #7 - ASIENTO SECUNDARIO DE MATERIA - TERMINO TEMÁTICO
Término temático o nombre geográfico como elemento de entrada Antropología cultural y social
9 (RLIN) 6714
653 ## - TÉRMINO DE INDIZACIÓN - NO CONTROLADO
Término no controlado Sigmund Freud
773 0# - ASIENTO DE ITEM FUENTE
Biblionumber 49450
Itemnumber 82631
Otro identificador del ítem R2554
Título Revista internacional de teología Concilium
Número de control del registro (CO-MdFUSB)8
Número Internacional Normalizado para Publicaciones Seriadas (ISSN) 0210-1041
Parte(s) relacionada(s) / Volumen., número. (mes año), páginas Número 64, (abril, 1971), páginas: 132 - 147
Enumeración y primera página página: 132
942 ## - TIPO DE MATERIAL (KOHA)
Tipo de Item KOHA Artículos de Revista
945 ## - INFORMACIÓN LOCAL DEL REGISTRO
Catalogador Catherine Arias Alvarez - Practicante SENA

No hay ítems disponibles.

Biblioteca FUSBC | Teléfono: (57+4) 349 88 10 Ext. 141| WhatsApp (+57) 3005338115 
E-mail: biblioteca@unisbc.edu.co | Calle 76 87-14 Robledo Palenque, Medellín, Colombia

Con tecnología Koha